| 000 | 01542cam a22003374a 4500 | ||
|---|---|---|---|
| 001 | 12432873 | ||
| 005 | 20040621201134.0 | ||
| 008 | 010606s2001 nyua b 001 0 eng | ||
| 010 | _a 2001026890 | ||
| 020 | _a0471414883 (alk. paper : cloth) | ||
| 020 | _a9780471414902 | ||
| 040 |
_aDLC _cDLC _dDLC |
||
| 042 | _apcc | ||
| 050 | 0 | 0 |
_aHG4028.V3 _bD353 2002 |
| 082 | 0 | 0 |
_a658.1554 _222 |
| 100 | 1 |
_aDamodaran, Aswath. _922466 |
|
| 245 | 1 | 0 |
_aInvestment Valuation : _bTools and Techniques for Determining the Value of any Asset / _cAswath Damodaran. |
| 250 | _a2nd ed. | ||
| 260 |
_aNew York : _bWiley,2002 _cc2002. |
||
| 300 |
_axvi, 992 p. : _bill. ; _c26 cm. |
||
| 490 | 1 |
_aWiley finance _922467 |
|
| 504 | _aIncludes bibliographical references p.961-976 and index. | ||
| 650 | 0 |
_aCorporations _xValuation _xMathematical models. _922468 |
|
| 830 | 0 |
_aWiley finance series. _922469 |
|
| 856 | 4 | 2 |
_3Contributor biographical information _uhttp://www.loc.gov/catdir/bios/wiley044/2001026890.html |
| 856 | 4 | 2 |
_3Publisher description _uhttp://www.loc.gov/catdir/description/wiley037/2001026890.html |
| 856 | 4 | 1 |
_3Table of contents _uhttp://www.loc.gov/catdir/toc/wiley021/2001026890.html |
| 942 |
_2ddc _cBB |
||
| 999 |
_c14980 _d14980 |
||